| 000 | 01130nam a2200325 i 4500 | ||
|---|---|---|---|
| 001 | 192947 | ||
| 003 | SpMaBN | ||
| 005 | 20240526062942.0 | ||
| 008 | 081204s2008 sp a | |||| 000 0 spa | ||
| 017 |
_aM 47564-2008 _bOficina Depósito Legal Madrid |
||
| 020 | _a9788498422672 | ||
| 035 | _a(OCoLC)434307116 | ||
| 040 |
_bspa _cSpMaBN _erdc |
||
| 080 | _a615.851 | ||
| 100 | 1 |
_aMassó Cantarero, Francisco, _d1946- _0XX1647177 _9226310 _eaut |
|
| 245 | 1 | 0 |
_aAnálisis transaccional II : _beducación, autonomía y convivencia / _cFrancisco Massó Cantarero |
| 260 |
_aMadrid : _bCSS, _c[2008] |
||
| 300 |
_a243 páginas : _bgráficos ; _c24 cm |
||
| 490 | 1 |
_aCampus ; _v52 |
|
| 500 | _aÍndice | ||
| 500 | _aGlosario | ||
| 504 | _aBibliografía: páginas 242-243 | ||
| 650 |
_aAnálisis transaccional _9233665 |
||
| 830 |
_aCampus ; _v52 _9184231 |
||
| 852 |
_aES-MaACL _bR. 153094 _cDEPOJ _hDonación: Francisco Massó Cantarero _jN-8492 _9200250 |
||
| 903 |
_aMassó Cantarero, Francisco, _d1946- _ednr _9226310 |
||
| 942 |
_cMONOGRAFIA _n0 |
||
| 999 |
_c192947 _d192947 |
||